En busca de la excelencia (Registro nro. 1162)
[ vista simple ]
| 000 -Cabecera | |
|---|---|
| Campo de control de longitud fija | 00874aam a2200325 4500 |
| 005 - Fecha y hora de la última transacción | |
| Campo de control | 20250827160819.0 |
| 008 - Elementos de longitud fija--Información general | |
| Campo de control de longitud fija | 150603b2002 xxu||||| |||| 00| 0 spa d |
| 020 ## - International Standard Book Number | |
| Número Internacional Estándar del Libro (ISBN) | 8493222178 |
| 041 ## - Idioma | |
| Código de idioma | Español |
| 082 ## - Clasificación Decimal Dewey | |
| Número de clasificación | 658.43 P481b |
| 100 ## - Entrada principal--Autor personal | |
| Nombre personal | Peters, Tom |
| 9 (RLIN) | 16354 |
| 245 ## - Título propiamente dicho | |
| Título | En busca de la excelencia |
| 260 ## - Pie de imprenta | |
| Lugar de publicación, distribución, etc. | España |
| 260 ## - Pie de imprenta | |
| Nombre del editor, distribuidor, etc. | Nowtilus |
| 260 ## - Pie de imprenta | |
| Fecha de publicación, distribución, etc. | 2002 |
| 300 ## - Descripción física | |
| Extensión | 127 páginas |
| 490 ## - Serie | |
| Título de la Serie | Dirección y Administración de Empresas |
| 650 ## - Materia general | |
| Temática (materia general) | GERENCIA INTERMEDIA |
| 650 ## - Materia general | |
| Temática (materia general) | EMPRESAS NORTEAMERICANAS |
| 650 ## - Materia general | |
| Temática (materia general) | EN BUSCA DE LA EXCELENCIA |
| 650 ## - Materia general | |
| Temática (materia general) | ESTRATEGIA COMPETITIVA |
| 650 ## - Materia general | |
| Temática (materia general) | CONSUMIDOR |
| 650 ## - Materia general | |
| Temática (materia general) | ESPÍRITU EMPRENDEDOR |
| 650 ## - Materia general | |
| Temática (materia general) | PRODUCTIVIDAD POR MEDIO DE LA GENTE |
| 650 ## - Materia general | |
| Temática (materia general) | GESTIÓN EMPRESARIAL |
| 650 ## - Materia general | |
| Temática (materia general) | MOTIVACIÓN |
| 650 ## - Materia general | |
| Temática (materia general) | CLIENTES |
| 650 ## - Materia general | |
| Temática (materia general) | ALIANZAS ESTRATÉGICAS |
| 942 ## - Punto de acceso adicional KOHA | |
| Tipo de ítem KOHA | Libro |
| Fuente del sistema de clasificación o colocación | Dewey Decimal Classification |
| Signatura completa | Código de barras | Programa Académico | Tipo de ítem |
|---|---|---|---|
| 658.43 P481b | 9964 | Dirección y Administración de Empresas | Libro |